Statystyki dla JAK POTOCZNIE MÓWIMY NA PIENIĄDZE?

Kliknij tutaj aby rozwiązać quiz!

Ogólne statystyki

  • Ten quiz został rozwiązany 490 razy
  • Średni wynik to 3 z 6

Statystyki odpowiedzi

Odpowiedź% Poprawnych
HAJS
81%
KASA
80%
SIANO
50%
SZMAL
47%
FORSA
39%
KAPUSTA
27%

Rozkład punktacji

Percentyl według liczby udzielonych odpowiedzi

Procent ludzi z każdym wynikiem

Twoja historia wyników

Nie rozwiązałeś tego quizu